Genghis Khan and the Mongol horde / (Record no. 3005)
[ view plain ]
| 000 -LEADER | |
|---|---|
| fixed length control field | 01110nac a22003131i 4500 |
| 003 - CONTROL NUMBER IDENTIFIER | |
| control field | EG-ScBUE |
| 005 - DATE AND TIME OF LATEST TRANSACTION | |
| control field | 20240417115829.0 |
| 008 - FIXED-LENGTH DATA ELEMENTS--GENERAL INFORMATION | |
| fixed length control field | 100103t1954 nyua f 001 0 eng d |
| 040 ## - CATALOGING SOURCE | |
| Original cataloging agency | EG-ScBUE |
| Language of cataloging | eng |
| Description conventions | rda |
| Transcribing agency | EG-ScBUE |
| Modifying agency | EG-ScBUE |
| 082 04 - DEWEY DECIMAL CLASSIFICATION NUMBER | |
| Classification number | 950.2 |
| Item number | LAM |
| Edition number | 22 |
| 100 1# - MAIN ENTRY--PERSONAL NAME | |
| Personal name | Lamb, Harold, |
| Dates associated with a name | 1892-1962. |
| Relator term | author. |
| 9 (RLIN) | 10169 |
| 245 10 - TITLE STATEMENT | |
| Title | Genghis Khan and the Mongol horde / |
| Statement of responsibility, etc | by Harold Lam ; illustrated by Elton Fax. |
| 264 #1 - PUBLICATION, DISTRIBUTION, ETC. (IMPRINT) | |
| Place of publication, distribution, etc | New York : |
| Name of publisher, distributor, etc | Random House, |
| Date of publication, distribution, etc | [1954] |
| 264 #4 - PUBLICATION, DISTRIBUTION, ETC. (IMPRINT) | |
| Date of publication, distribution, etc | c1954 |
| 300 ## - PHYSICAL DESCRIPTION | |
| Extent | 182 pages : |
| Other physical details | illustrations ; |
| Dimensions | 22 cm. |
| 336 ## - CONTENT TYPE | |
| Source | rdacontent |
| Content type term | text |
| Content type code | txt |
| 337 ## - MEDIA TYPE | |
| Media type term | unmediated |
| Source | rdamedia |
| Media type code | n |
| 338 ## - CARRIER TYPE | |
| Carrier type term | volume |
| Carrier type code | nc |
| Source | rdacarrier |
| 490 0# - SERIES STATEMENT | |
| Series statement | World landmark books ; |
| Volume number/sequential designation | W-12 |
| 500 ## - GENERAL NOTE | |
| General note | Includes index.<br/> |
| 600 07 - SUBJECT ADDED ENTRY--PERSONAL NAME | |
| Personal name | Genghis Khan, |
| Dates associated with a name | 1162-1227. |
| Source of heading or term | BUEsh |
| 9 (RLIN) | 10170 |
| 650 #7 - SUBJECT ADDED ENTRY--TOPICAL TERM | |
| Topical term or geographic name as entry element | Mongols |
| General subdivision | Kings and rulers |
| -- | Biography. |
| Source of heading or term | BUEsh |
| 9 (RLIN) | 10171 |
| 650 #7 - SUBJECT ADDED ENTRY--TOPICAL TERM | |
| Topical term or geographic name as entry element | Conquerors |
| Geographic subdivision | Asia |
| General subdivision | Biography. |
| Source of heading or term | BUEsh |
| 9 (RLIN) | 10172 |
| 650 #7 - SUBJECT ADDED ENTRY--TOPICAL TERM | |
| Topical term or geographic name as entry element | Mongols |
| General subdivision | History. |
| Source of heading or term | BUEsh |
| 9 (RLIN) | 10173 |
| 655 ## - INDEX TERM--GENRE/FORM | |
| Form subdivision | Reading book |
| 700 1# - ADDED ENTRY--PERSONAL NAME | |
| Personal name | Fax, Elton C., |
| Relator term | illustrator. |
| 942 ## - ADDED ENTRY ELEMENTS (KOHA) | |
| Koha item type | Book - Borrowing |
| Source of classification or shelving scheme | Dewey Decimal Classification |
| Withdrawn status | Lost status | Source of classification or shelving scheme | Materials specified (bound volume or other part) | Damaged status | Not for loan | Collection code | Home library | Current library | Shelving location | Date acquired | Source of acquisition | Total Checkouts | Full call number | Barcode | Date last seen | Price effective from | Koha item type |
|---|---|---|---|---|---|---|---|---|---|---|---|---|---|---|---|---|---|
| Lost | Dewey Decimal Classification | Lost In Inventory_2015-8-23 | Central Library | Central Library | Second Floor | 07/03/2014 | Donation | 950.2 LAM | 000001080 | 14/03/2007 | 14/03/2007 | Book - Borrowing | |||||
| Dewey Decimal Classification | Donation-Gift | Central Library | Central Library | Second Floor | 03/01/2010 | Donation | 950.2 LAM | 000019332 | 15/07/2025 | 03/01/2010 | NB - Book (Non borrowing) |